Datum a čas kvízu
30.5
Celkem bodů
Celkový počet nahraných bodů na tomto kvízu bez doplňovacích otázek.
2.
Pořadí na kvízu
Konečné umístění týmu na tomto kvízu.
Zaznamenané odpovědi
| # | Otázka | Odpověď | Body | Výsledky |
|---|---|---|---|---|
| 1. | Cestující českobudějovické MHD... | lakovala si nehty (na nohou) | 1 | |
| 2. | O víkendu došlo k teroristický... | na Srí Lance | 1 | |
| 3. | Ministr kultury Antonín Staněk... | Národní galerie; Muzeum umění Olomouc (stačí uvést Národní galerie a Muzeum Olomouc) | 0.5 | |
| 4. | Pošťuchování mezi dvěma e-shop... | CZC.cz | 1 | |
| 5. | Pětileté čekání je u konce. Ho... | 4 góly | 1 | |
| 6. | V pondělí v podvečer zachvátil... | svatý Ludvík (Louis) | 0 | |
| 7. | Jeruzalémský Chrám, dle Bible... | Šalamoun (též Šalomoun) | 1 | |
| 8. | Město, ke kterému odkazuje tat... | Drážďany | 1 | |
| 9. | Stavba Národního divadla v Pra... | František Josef I. | 0 | |
| 10. | Tento mrakodrap najdeme na mís... | Freedom Tower (Věž svobody) | 0 |